000 00639nam a22002055i 4500
001 176609
003 ES-MaACL
005 20250807063223.0
008 110126s2010 sp |||| | spa d
020 _a978-84-613-9555-2
080 _a821.134.2-14"19"
100 1 _aAganzo, Carlos,
_d1963-
_918531
245 1 0 _aPoesía 8++ /
_cCarlos Aganzo.
260 _a[Madrid] :
_bLibertad 8 :
_bAbsurda Fábula,
_cD. L. 2010.
300 _a31 p. ;
_c17 cm.
490 1 _aHazversidades poéticas ;
_v8 de mayo
830 0 _aHazversidades poéticas ;
_v8 de mayo
_9190178
852 _aES-MaACL
_j2270-F-3
999 _c176609
_d176609